[Event "CHN League Men 2019"]
[Site "Daqing CHN"]
[Date "2019.06.19"]
[Round "1.1"]
[Board "2"]
[White "Bao, Qilin"]
[Black "Zhao, Jun"]
[Result "0-1"]
[WhiteTitle "IM"]
[BlackTitle "GM"]
[WhiteElo "2412"]
[BlackElo "2625"]
[WhiteTeam "Heilongjiang"]
[BlackTeam "Shandong"]
[WhiteFideId "8605750"]
[BlackFideId "8602522"]
[EventDate "2019.06.19"]
[EventType "team"]

1. d4 Nf6 2. Nf3 e6 3. Bf4 b6 4. e3 Bb7 5. Nbd2 Be7 6. h3 O-O 7. Bd3 d5 8. a4 c5
9. c3 Nc6 10. O-O Bd6 11. Bxd6 Qxd6 12. Qe2 e5 13. dxe5 Nxe5 14. Ba6 Bc6 15. Bb5
Nxf3+ 16. Nxf3 Bb7 17. Ba6 Qc7 18. a5 Rfb8 19. axb6 Qxb6 20. Bxb7 Rxb7 21. Ra2
Rab8 22. Rfa1 Qc7 23. Ne1 c4 24. Qd2 a5 25. Nf3 h6 26. Nh4 Rb5 27. Nf5 Qb6 28.
Qd4 Qxd4 29. exd4 Rxb2 30. Rxb2 Rxb2 31. Rxa5 Ne4 32. Rxd5 Nxc3 33. Rc5 Ne2+ 34.
Kh2 c3 35. Ne3 Nxd4 36. Rxc3 Rxf2 37. Ng4 Ra2 38. Rc8+ Kh7 39. Rc7 h5 40. Ne3
Re2 41. Nd5 Re5 42. Nf4 Rf5 43. Nd3 Ne6 44. Rc4 g5 45. Re4 Rd5 46. Ne5 Kg7 47.
Nf3 Kf6 48. Kg3 Rd3 49. Ra4 Rb3 50. Ra6 h4+ 51. Kg4 Rb2 52. Nxg5 Rb4+ 53. Kh5
Rb5 54. Kxh4 Rxg5 55. g4 Rb5 56. Ra3 Kg6 57. Kg3 Nc5 58. h4 Rb4 59. Ra5 Rb3+ 60.
Kf4 Ne6+ 61. Ke4 Rg3 62. h5+ Kf6 63. Rf5+ Ke7 64. g5 Rxg5 65. Rxg5 Nxg5+ 66. Kf5
Nh7 67. h6 Kd6 0-1

[Event "CHN League Men 2019"]
[Site "Daqing CHN"]
[Date "2019.06.19"]
[Round "1.2"]
[Board "2"]
[White "Li, Chao b"]
[Black "Peng, Hongchi"]
[Result "0-1"]
[WhiteTitle "GM"]
[WhiteElo "2698"]
[BlackElo "2370"]
[WhiteTeam "Beijing"]
[BlackTeam "Hebei"]
[WhiteFideId "8604436"]
[BlackFideId "8609047"]
[EventDate "2019.06.19"]
[EventType "team"]

1. e4 c5 2. Nc3 Nc6 3. Nf3 e6 4. d4 cxd4 5. Nxd4 Qc7 6. f4 a6 7. Nxc6 bxc6 8.
Bd3 d5 9. O-O Nf6 10. e5 Nd7 11. Na4 c5 12. c4 d4 13. Qe2 Bb7 14. b3 Be7 15. Bd2
Qc6 16. Rae1 Bh4 17. Rb1 O-O-O 18. Ba5 Rdg8 19. Rb2 f5 20. exf6 gxf6 21. Be1
Bxe1 22. Rxe1 f5 23. Qd2 Rg4 24. Bf1 Rhg8 25. Re2 Nf6 26. Re5 Ne4 27. Qd1 Qd6
28. Qf3 Bc6 29. b4 Nd2 30. Nb6+ Kc7 31. Qxg4 Rxg4 32. Rxd2 Rxf4 33. Rde2 Re4 0-1

[Event "CHN League Men 2019"]
[Site "Daqing CHN"]
[Date "2019.06.19"]
[Round "1.2"]
[Board "3"]
[White "Yang, Yanqing"]
[Black "Xiu, Deshun"]
[Result "0-1"]
[BlackTitle "GM"]
[WhiteElo "1910"]
[BlackElo "2538"]
[WhiteTeam "Hebei"]
[BlackTeam "Beijing"]
[WhiteFideId "8613575"]
[BlackFideId "8603693"]
[EventDate "2019.06.19"]
[EventType "team"]

1. e4 c5 2. Nf3 e6 3. Nc3 a6 4. a4 Nc6 5. Be2 Nf6 6. O-O Qc7 7. d4 cxd4 8. Nxd4
Bb4 9. Nxc6 bxc6 10. Qd4 Bd6 11. h3 O-O 12. Qe3 Rb8 13. Bd3 c5 14. Qe2 Be5 15.
Re1 Rb4 16. Qe3 Re8 17. Qg5 d5 18. f4 Bd4+ 19. Kh1 c4 20. Bf1 Qa7 21. Re2 Bf2
22. exd5 h6 23. Qe5 Bd4 24. Be3 Bxe5 25. Bxa7 Bxf4 26. dxe6 Bxe6 27. Rb1 Nh5 28.
Bf2 Reb8 29. g4 Nf6 30. Bd4 Rxb2 31. Rd1 R2b7 32. Bg2 Rd7 33. Ne4 Nxe4 34. Bxe4
c3 35. Rf1 Rxd4 36. Rxf4 Rbb4 37. Kg2 g5 0-1

[Event "CHN League Men 2019"]
[Site "Daqing CHN"]
[Date "2019.06.19"]
[Round "1.3"]
[Board "2"]
[White "Wang, Chen"]
[Black "Lin, Chen"]
[Result "1/2-1/2"]
[WhiteTitle "IM"]
[BlackTitle "GM"]
[WhiteElo "2468"]
[BlackElo "2497"]
[WhiteTeam "Chongqing"]
[BlackTeam "Jiangsu"]
[WhiteFideId "8601020"]
[BlackFideId "8602298"]
[EventDate "2019.06.19"]
[EventType "team"]

1. e4 e5 2. Nf3 Nc6 3. Nc3 Nf6 4. d4 exd4 5. Nxd4 Bb4 6. Nxc6 bxc6 7. Bd3 O-O 8.
O-O d5 9. exd5 cxd5 10. Bg5 c6 11. Qf3 Rb8 12. Ne2 Bg4 13. Bxf6 Bxf3 14. Bxd8
Bxe2 15. Bxe2 Rfxd8 16. Rfd1 g6 17. g3 Kg7 18. Kg2 Be7 19. b3 a5 20. Bf3 a4 21.
Rd3 Bf6 22. Rad1 axb3 23. axb3 Rbc8 24. c4 dxc4 25. Rxd8 Rxd8 26. Rxd8 Bxd8 27.
bxc4 c5 28. Bd5 Bf6 29. h4 h5 30. f4 Bd4 1/2-1/2

[Event "CHN League Men 2019"]
[Site "Daqing CHN"]
[Date "2019.06.19"]
[Round "1.4"]
[Board "1"]
[White "Liu, Zexu"]
[Black "Xu, Xiangyu"]
[Result "0-1"]
[BlackTitle "GM"]
[WhiteElo "2121"]
[BlackElo "2583"]
[WhiteTeam "Wuxi"]
[BlackTeam "Chengdu"]
[WhiteFideId "8605963"]
[BlackFideId "8608288"]
[EventDate "2019.06.19"]
[EventType "team"]

1. d4 b6 2. c4 Bb7 3. Nc3 e6 4. Qc2 f5 5. Nf3 Nf6 6. g3 Nc6 7. Qd3 Na5 8. Bg5
Bb4 9. b3 Be4 10. Qe3 d5 11. Bxf6 Qxf6 12. cxd5 c5 13. dxc6 Nxc6 14. Bg2 Nxd4
15. Nxd4 Bxg2 16. Rg1 Rc8 17. Rc1 Bb7 18. Kf1 O-O 19. Ndb5 Rfd8 20. f4 Bc5 21.
Qe5 a6 22. Qxf6 gxf6 0-1

[Event "CHN League Men 2019"]
[Site "Daqing CHN"]
[Date "2019.06.19"]
[Round "1.4"]
[Board "2"]
[White "Li, Di"]
[Black "Chen, KaiLin"]
[Result "1-0"]
[WhiteTitle "IM"]
[WhiteElo "2535"]
[BlackElo "2073"]
[WhiteTeam "Chengdu"]
[BlackTeam "Wuxi"]
[WhiteFideId "8607508"]
[BlackFideId "8620954"]
[EventDate "2019.06.19"]
[EventType "team"]

1. e4 e6 2. d4 d5 3. Nc3 Nf6 4. e5 Nfd7 5. Nce2 c5 6. c3 Nc6 7. Nf3 Be7 8. g3
O-O 9. a3 b6 10. Nf4 Re8 11. Bd3 Nf8 12. h4 f6 13. O-O fxe5 14. Nxe5 Nxe5 15.
dxe5 Qc7 16. Re1 c4 17. Bc2 Bb7 18. Be3 Bc5 19. Qg4 Qf7 20. Bd4 Bxd4 21. cxd4
Bc6 22. Re3 Rab8 23. Rf3 Qe7 24. Nh3 Rb7 25. Ng5 Reb8 26. Re1 Be8 27. Rxf8+ Qxf8
28. Bxh7+ Kh8 29. Nxe6 Qf7 30. Ng5 Qe7 31. h5 b5 32. Bg6 Rb6 33. Qf5 Kg8 34.
Bxe8 Qxe8 35. Qh7+ Kf8 36. e6 Ke7 37. Qxg7+ Kd6 38. Nf7+ Kc6 39. h6 Qe7 40. h7 1-0

[Event "CHN League Men 2019"]
[Site "Daqing CHN"]
[Date "2019.06.19"]
[Round "1.4"]
[Board "3"]
[White "Zhao, Juncheng"]
[Black "Liu, Guanchu"]
[Result "0-1"]
[BlackTitle "IM"]
[WhiteElo "1998"]
[BlackElo "2462"]
[WhiteTeam "Wuxi"]
[BlackTeam "Chengdu"]
[WhiteFideId "8609489"]
[BlackFideId "8603901"]
[EventDate "2019.06.19"]
[EventType "team"]

1. e4 e6 2. d4 d5 3. exd5 exd5 4. Bd3 Nc6 5. c3 Bd6 6. Qf3 Be6 7. Bf4 Nge7 8.
Bxd6 Qxd6 9. Ne2 O-O-O 10. Nd2 h5 11. Qf4 Qd7 12. h4 Rh6 13. O-O-O Rf6 14. Qg5
Bf5 15. Bxf5 Qxf5 16. Qxf5+ Nxf5 17. Nf3 Nh6 18. Ng3 Ng4 19. Rd2 g6 20. Re1 a5
21. a4 Rdd6 22. Rde2 Rde6 23. Kd2 Nd8 24. Nf1 Rxe2+ 25. Kxe2 Rb6 26. Rb1 Ne6 27.
g3 c5 28. Ne3 cxd4 29. Nxd4 Nxd4+ 30. cxd4 Rb4 31. Nxd5 Rxd4 32. Rc1+ Kb8 33.
Nc3 Rb4 34. Rb1 Rb3 35. f4 Nh6 36. Kd3 Nf5 37. Kc2 Rb6 38. Rg1 Re6 39. Nd1 Kc7
40. Kd3 Kc6 41. b3 Rd6+ 42. Ke4 Re6+ 43. Kd3 Kc5 44. Nc3 Re3+ 45. Kd2 Kd4 46.
Ne2+ Ke4 47. Re1 Rd3+ 48. Kc2 Ne3+ 49. Kb2 Kf3 50. Nc1 Rd1 51. Rxd1 Nxd1+ 52.
Kc2 Nf2 53. Kd2 Ne4+ 0-1

[Event "CHN League Men 2019"]
[Site "Daqing CHN"]
[Date "2019.06.19"]
[Round "1.4"]
[Board "4"]
[White "Zhao, Yuanhe"]
[Black "Xie, Kaifan"]
[Result "1-0"]
[BlackTitle "CM"]
[WhiteElo "2444"]
[BlackElo "1969"]
[WhiteTeam "Chengdu"]
[BlackTeam "Wuxi"]
[WhiteFideId "8609497"]
[BlackFideId "8619107"]
[EventDate "2019.06.19"]
[EventType "team"]

1. Nf3 c5 2. c4 Nc6 3. Nc3 g6 4. e3 Nf6 5. d4 cxd4 6. exd4 d6 7. d5 Nb8 8. h3
Bg7 9. Be2 O-O 10. O-O Nbd7 11. Re1 Nb6 12. Be3 e5 13. a4 Bf5 14. a5 Nc8 15. b4
Ne7 16. Qb3 Ne4 17. Rad1 Nxc3 18. Qxc3 Bd7 19. Qa3 f5 20. c5 h6 21. Bc4 Kh7 22.
Bc1 Qc7 23. Bb2 e4 24. Bxg7 Kxg7 25. Nd4 Rac8 26. a6 Kh7 27. axb7 Qxb7 28. Ba6
Qxd5 29. Bxc8 Nxc8 30. Nb5 Qb7 31. Nxd6 Nxd6 32. Rxd6 Rb8 33. Ra1 Ra8 34. Qa6
Qc7 35. Rxg6 1-0

[Event "CHN League Men 2019"]
[Site "Daqing CHN"]
[Date "2019.06.19"]
[Round "1.5"]
[Board "1"]
[White "Bai, Jinshi"]
[Black "Xie, Jianjun"]
[Result "1-0"]
[WhiteTitle "GM"]
[BlackTitle "FM"]
[WhiteElo "2606"]
[BlackElo "2427"]
[WhiteTeam "Shanghai"]
[BlackTeam "Hunan"]
[WhiteFideId "8602280"]
[BlackFideId "8600953"]
[EventDate "2019.06.19"]
[EventType "team"]

1. Nf3 d5 2. g3 c6 3. Bg2 Bg4 4. O-O Nd7 5. d3 Ngf6 6. h3 Bh5 7. c4 e6 8. cxd5
cxd5 9. Qb3 Qb6 10. Qxb6 axb6 11. g4 Bg6 12. Nc3 Bb4 13. Bd2 O-O 14. g5 Bxc3 15.
Bxc3 Nh5 16. Bd2 Nc5 17. Rfc1 Rfd8 18. Be3 f6 19. b4 Na4 20. Rc7 e5 21. gxf6
gxf6 22. Nh4 Bf7 23. Kh2 Rac8 24. Rxb7 d4 25. Bh6 1-0

[Event "CHN League Men 2019"]
[Site "Daqing CHN"]
[Date "2019.06.19"]
[Round "1.5"]
[Board "2"]
[White "Shen, Siyuan"]
[Black "Xu, Yi"]
[Result "0-1"]
[WhiteTitle "IM"]
[BlackTitle "IM"]
[WhiteElo "2334"]
[BlackElo "2526"]
[WhiteTeam "Hunan"]
[BlackTeam "Shanghai"]
[WhiteFideId "8602832"]
[BlackFideId "8605564"]
[EventDate "2019.06.19"]
[EventType "team"]

1. e4 e5 2. Nc3 Nf6 3. g3 Bc5 4. Bg2 c6 5. Nf3 d5 6. O-O dxe4 7. Ng5 Bg4 8. Qe1
O-O 9. Ngxe4 Bb6 10. h3 Bh5 11. Nxf6+ Qxf6 12. d3 Nd7 13. Be3 Qd6 14. Kh2 f5 15.
f4 Rae8 16. Qd2 exf4 17. Bxf4 Qd4 18. Rae1 h6 19. a3 Kh7 20. Nd1 Qf6 21. c3 g5
22. Rxe8 Rxe8 23. Be3 Bc7 24. Qf2 Bxd1 25. Bd4 Qf8 26. Bxa7 Bh5 27. Qxf5+ Qxf5
28. Rxf5 Bg6 29. Rf2 Ne5 30. Bf1 b6 31. d4 Nd7 32. Bg2 Re3 33. Bf3 Kg7 34. Kg2
Be4 35. Bxe4 Rxe4 36. a4 Re8 37. a5 bxa5 38. d5 cxd5 39. Rd2 Nb6 40. Bxb6 Bxb6
41. Rxd5 Re2+ 42. Kf3 Rxb2 43. c4 Rb3+ 44. Kg4 Bf2 45. Rd7+ Kf6 46. Rd6+ Ke5 47.
Rd5+ Ke6 48. Kh5 Rxg3 49. Kxh6 a4 50. Ra5 a3 51. Kh5 Kf6 52. Ra6+ Ke5 53. c5
Rxh3+ 54. Kxg5 Rg3+ 55. Kh5 Bxc5 56. Kh4 Rg2 57. Kh3 Rc2 58. Kg4 a2 0-1

[Event "CHN League Men 2019"]
[Site "Daqing CHN"]
[Date "2019.06.19"]
[Round "1.5"]
[Board "3"]
[White "Lou, Yiping"]
[Black "Li, Bo"]
[Result "1/2-1/2"]
[WhiteTitle "IM"]
[BlackTitle "IM"]
[WhiteElo "2482"]
[BlackElo "2330"]
[WhiteTeam "Shanghai"]
[BlackTeam "Hunan"]
[WhiteFideId "8603928"]
[BlackFideId "8602786"]
[EventDate "2019.06.19"]
[EventType "team"]

1. d4 Nf6 2. c4 g6 3. Nc3 d5 4. cxd5 Nxd5 5. e4 Nxc3 6. bxc3 Bg7 7. Be3 c5 8.
Rc1 Qa5 9. Qd2 cxd4 10. cxd4 Qxd2+ 11. Bxd2 O-O 12. Nf3 Bg4 13. Be3 Bxf3 14.
gxf3 Nc6 15. d5 Nd4 16. Bg2 Rac8 17. Kd2 e6 18. Kd3 exd5 19. exd5 Nf5 20. Bh3
Rcd8 21. Kc4 Nxe3+ 22. fxe3 f5 23. e4 Be5 24. Kd3 fxe4+ 25. Kxe4 Bd6 26. Rc3
Rf4+ 27. Ke3 Rdf8 28. Rf1 Rb4 29. Be6+ Kg7 30. h3 Rb2 31. Rb3 Rxb3+ 32. axb3 Rf4
33. Ra1 Rb4 34. Kd2 a6 35. Kc2 Rf4 36. Rf1 a5 37. Bd7 Rd4 38. Rd1 Rxd1 39. Kxd1
Kf6 40. Bc8 b6 41. Kd2 Ke5 42. Be6 Kd4 43. Bg8 h6 44. Bf7 g5 45. Be6 Bf4+ 46.
Kc2 b5 47. Bd7 a4 48. bxa4 bxa4 49. Bxa4 Kxd5 50. Kd3 h5 51. Be8 g4 52. fxg4
hxg4 53. hxg4 Ke5 1/2-1/2

[Event "CHN League Men 2019"]
[Site "Daqing CHN"]
[Date "2019.06.19"]
[Round "1.6"]
[Board "1"]
[White "Fang, Yuxiang"]
[Black "Ma, Qun"]
[Result "1/2-1/2"]
[WhiteTitle "GM"]
[BlackTitle "GM"]
[WhiteElo "2463"]
[BlackElo "2626"]
[WhiteTeam "Shanxi"]
[BlackTeam "Hangzhou"]
[WhiteFideId "8605840"]
[BlackFideId "8603154"]
[EventDate "2019.06.19"]
[EventType "team"]

1. Nf3 Nf6 2. c4 e6 3. g3 d5 4. d4 Bb4+ 5. Bd2 Be7 6. Bg2 O-O 7. O-O c6 8. Qc2
Nbd7 9. Rc1 a5 10. Bf4 Nh5 11. Bd2 Nhf6 12. Bf4 h6 13. b3 b6 14. cxd5 cxd5 15.
a4 Ba6 16. Nc3 Rc8 17. Qb2 Ne8 18. Bf1 g5 19. Bd2 Nd6 20. e3 Bxf1 21. Kxf1 g4
22. Ne1 Bg5 23. Nb5 Rxc1 24. Rxc1 Ne4 25. Bc3 Qf6 26. Qe2 h5 27. Nd3 Qf5 28. Bb2
h4 29. Ba3 Re8 30. Nd6 Nxd6 31. Bxd6 Nf6 32. Bf4 Qe4 33. Kg1 h3 34. Qf1 Bxf4 35.
Nxf4 Nh7 36. Qe2 f5 37. Qb5 1/2-1/2

[Event "CHN League Men 2019"]
[Site "Daqing CHN"]
[Date "2019.06.19"]
[Round "1.6"]
[Board "2"]
[White "Xiang, Zeyu"]
[Black "Zhou, Yibo"]
[Result "1-0"]
[WhiteTitle "IM"]
[WhiteElo "2432"]
[BlackElo "1934"]
[WhiteTeam "Hangzhou"]
[BlackTeam "Shanxi"]
[WhiteFideId "8608547"]
[BlackFideId "8610967"]
[EventDate "2019.06.19"]
[EventType "team"]

1. d4 Nf6 2. c4 e6 3. Nf3 b6 4. g3 Bb7 5. Bg2 Be7 6. O-O O-O 7. Nc3 Ne4 8. Qc2
Nxc3 9. Qxc3 d6 10. Rd1 Nd7 11. d5 e5 12. e4 Nc5 13. Ne1 a5 14. Nd3 Nxd3 15.
Qxd3 Bc8 16. f4 f5 17. fxe5 dxe5 18. Be3 Bd6 19. exf5 Bxf5 20. Be4 Bxe4 21. Qxe4
Qe7 22. Rf1 Bc5 23. Kg2 Bxe3 24. Qxe3 Rxf1 25. Rxf1 Rf8 26. Rxf8+ Kxf8 27. Qf3+
Kg8 28. Qe4 g6 29. b3 Qf6 30. Qh4 Qd6 31. Kf3 Kg7 32. Ke4 h6 33. Qg4 c6 34. Qe6
cxd5+ 35. Qxd5 Qb4 36. Qxe5+ Kf7 37. Qc7+ Kf6 38. Kd5 Qd2+ 39. Kc6 Qxa2 40. Qxb6
Qxh2 41. Kb5+ Kg5 42. Qe3+ Kf5 43. Kxa5 g5 44. c5 Qg2 45. Kb6 Qa8 46. c6 Qb8+
47. Ka6 Qa8+ 48. Kb5 Qb8+ 49. Qb6 Qxg3 50. Qc5+ Kf6 51. c7 Qxb3+ 52. Ka6 Qa4+
53. Kb7 Qd7 54. Qc6+ Qxc6+ 55. Kxc6 1-0

[Event "CHN League Men 2019"]
[Site "Daqing CHN"]
[Date "2019.06.19"]
[Round "1.6"]
[Board "3"]
[White "Li, Deyang"]
[Black "Zou, Chen"]
[Result "0-1"]
[BlackTitle "FM"]
[WhiteElo "1697"]
[BlackElo "2415"]
[WhiteTeam "Shanxi"]
[BlackTeam "Hangzhou"]
[WhiteFideId "8622272"]
[BlackFideId "8610959"]
[EventDate "2019.06.19"]
[EventType "team"]

1. d4 Nf6 2. c4 c5 3. d5 g6 4. Nc3 Bg7 5. e4 d6 6. h3 O-O 7. Nf3 e6 8. Bd3 exd5
9. cxd5 a6 10. a4 Nbd7 11. Bf4 Qe7 12. O-O Nh5 13. Bh2 Bh6 14. e5 Nxe5 15. Bxe5
dxe5 16. Ne4 Bf5 17. d6 Qe6 18. b3 Bxe4 19. Bxe4 Rad8 20. Bxb7 Rxd6 21. Qc2 Rb8
22. Be4 Rxb3 23. Qxc5 Nf6 24. Rfe1 Bf4 25. Qc2 Nxe4 26. Qxe4 Rd5 27. Rad1 Rxd1
28. Rxd1 Rc3 29. g3 Qxh3 30. gxf4 Qxf3 31. Rd8+ Kg7 32. Qxf3 Rxf3 33. fxe5 Ra3
34. Rd4 g5 35. Kg2 a5 36. f3 Kg6 37. Kg3 Kf5 38. Rc4 h5 39. Kg2 Ra2+ 40. Kh3
Kxe5 41. Rc5+ Kf4 0-1

[Event "CHN League Men 2019"]
[Site "Daqing CHN"]
[Date "2019.06.19"]
[Round "1.7"]
[Board "1"]
[White "Xu, Yinglun"]
[Black "Lin, Haoyang"]
[Result "1-0"]
[WhiteTitle "GM"]
[WhiteElo "2548"]
[BlackElo "1713"]
[WhiteTeam "Guangdong"]
[BlackTeam "Qingdao"]
[WhiteFideId "8604940"]
[BlackFideId "8625921"]
[EventDate "2019.06.19"]
[EventType "team"]

1. c4 Nf6 2. Nf3 c5 3. g3 g6 4. Bg2 Bg7 5. Nc3 Nc6 6. d4 cxd4 7. Nxd4 O-O 8. O-O
Nxd4 9. Qxd4 d6 10. Qd3 Rb8 11. Bd2 Bd7 12. a4 Bc6 13. e4 a5 14. Rab1 Nd7 15. b3
Nc5 16. Qe2 e6 17. Rfd1 Qe7 18. h4 f5 19. exf5 Rxf5 20. Nd5 Bxd5 21. cxd5 Bd4
22. Bf4 Be5 23. Be3 exd5 24. Rxd5 b6 25. b4 axb4 26. Rxb4 Bg7 27. a5 Qc7 28.
Rxf5 gxf5 29. axb6 Qe7 30. b7 Kh8 31. Qc2 Qd7 32. Rc4 Be5 33. Bxc5 dxc5 34. Rxc5
Bd6 35. Qc3+ Kg8 36. Bd5+ Kf8 37. Rc8+ 1-0

[Event "CHN League Men 2019"]
[Site "Daqing CHN"]
[Date "2019.06.19"]
[Round "1.7"]
[Board "2"]
[White "Gong, Sunle"]
[Black "Li, Shilong"]
[Result "0-1"]
[BlackTitle "GM"]
[WhiteElo "1697"]
[BlackElo "2482"]
[WhiteTeam "Qingdao"]
[BlackTeam "Guangdong"]
[WhiteFideId "8620229"]
[BlackFideId "8600678"]
[EventDate "2019.06.19"]
[EventType "team"]

1. d4 Nf6 2. c4 e6 3. Nc3 Bb4 4. Qc2 O-O 5. a3 Bxc3+ 6. Qxc3 d5 7. Nf3 dxc4 8.
Qxc4 b6 9. Bg5 Ba6 10. Qa4 Qd7 11. Qxd7 Nbxd7 12. Bxf6 gxf6 13. e3 Bb7 14. Be2
Rfc8 15. O-O Kf8 16. Rac1 Ke7 17. Rfd1 a5 18. a4 c5 19. Bb5 cxd4 20. Nxd4 Nc5
21. f3 f5 22. Kf2 Kf6 23. Ne2 Rd8 24. Nc3 Ke7 25. Ke2 Rg8 26. Kf2 Rad8 27. Rxd8
Rxd8 28. Ke2 Rd6 29. Rd1 e5 30. Rxd6 Kxd6 31. h4 Bc8 32. h5 h6 33. f4 f6 34. Bc4
Be6 35. Bxe6 Nxe6 36. Kf3 exf4 37. exf4 Ng7 38. Ne2 Kc5 39. b3 Nxh5 40. Ke3 Kb4
41. Nd4 Ng7 42. Kd3 h5 43. g3 Ne8 44. Kc2 Nd6 45. Kb2 Kc5 46. Ne6+ Kd5 47. Ng7
Kd4 48. Kc2 Ke3 49. b4 Kd4 50. Kb3 Kd3 51. b5 Kd4 52. Ne6+ Ke4 53. Kc3 Kf3 54.
Ng7 Ne4+ 55. Kd4 Nxg3 56. Nxh5 Nxh5 57. Kd5 Nxf4+ 58. Kc6 Ke4 59. Kxb6 Nd5+ 60.
Kxa5 f4 61. b6 Nxb6 62. Kxb6 f3 63. a5 f2 64. a6 f1=Q 65. a7 Qa1 66. Kb7 f5 0-1

[Event "CHN League Men 2019"]
[Site "Daqing CHN"]
[Date "2019.06.19"]
[Round "1.7"]
[Board "3"]
[White "Zhao, Chenxi"]
[Black "Shi, Jiashuo"]
[Result "1-0"]
[WhiteElo "2383"]
[BlackElo "1564"]
[WhiteTeam "Guangdong"]
[BlackTeam "Qingdao"]
[WhiteFideId "8611513"]
[BlackFideId "8625409"]
[EventDate "2019.06.19"]
[EventType "team"]

1. e4 e5 2. Nf3 Nc6 3. Bb5 a6 4. Ba4 Nf6 5. O-O b5 6. Bb3 Be7 7. Re1 O-O 8. d4
d6 9. c3 Bg4 10. Be3 exd4 11. cxd4 d5 12. e5 Ne4 13. h3 Bh5 14. Nc3 Nxc3 15.
bxc3 Na5 16. Bc2 Nc4 17. Qd3 Bg6 18. Qe2 Bxc2 19. Qxc2 Qd7 20. Bg5 h6 21. Bxe7
Qxe7 22. Nd2 Nxd2 23. Qxd2 Qe6 24. f4 f5 25. a4 Rfe8 26. Ra3 Rab8 27. Rea1 Rb6
28. axb5 axb5 29. Ra7 Rc8 30. R1a5 Qc6 31. Qd3 Rf8 32. Kh2 Kh8 33. Qe3 Re8 34.
Qc1 Qc4 35. Ra8 Rbb8 36. Rxb8 Rxb8 37. Qa1 Kh7 38. Ra3 Qe2 39. Qb1 Qe4 40. Qxe4
dxe4 41. g4 b4 42. cxb4 Rxb4 43. e6 fxg4 44. Ra8 Rb2+ 45. Kg3 Rb3+ 46. Kxg4 h5+
47. Kh4 c5 48. e7 Rf3 49. e8=Q 1-0

[Event "CHN League Men 2019"]
[Site "Daqing CHN"]
[Date "2019.06.19"]
[Round "1.7"]
[Board "4"]
[White "Liu, Yinuo"]
[Black "Lin, Peisen"]
[Result "1/2-1/2"]
[WhiteElo "1448"]
[BlackElo "1988"]
[WhiteTeam "Qingdao"]
[BlackTeam "Guangdong"]
[WhiteFideId "8620296"]
[BlackFideId "8611505"]
[EventDate "2019.06.19"]
[EventType "team"]

1. e4 c5 2. f4 Nc6 3. Nf3 g6 4. Bb5 Bg7 5. Bxc6 bxc6 6. O-O d6 7. d3 Nf6 8. c4
O-O 9. Nc3 Rb8 10. Qc2 Ba6 11. b3 Qc7 12. Bb2 Rfd8 13. Rae1 Nd7 14. Nd2 Nf8 15.
f5 Nd7 16. Nf3 Bc8 17. fxg6 fxg6 18. Ne2 e5 19. Bc1 Rf8 20. Ng3 Nf6 21. h3 h6
22. Nh4 Kh7 23. Rf2 Be6 24. Ref1 Qe7 25. Nf3 Rf7 26. Be3 Rbf8 27. Qe2 Nd7 28.
Nd2 Rxf2 29. Rxf2 Bg8 30. Rxf8 Nxf8 31. Nf3 Ne6 32. Qd2 Qc7 33. Ne2 Nd4 34.
Nexd4 cxd4 35. Bf2 d5 36. Qe2 dxc4 37. bxc4 Qa5 38. Be1 Qb6 39. Bg3 Qb8 40. Qc2
c5 41. Qb3 Qc7 42. Kh2 Be6 43. Qa3 Bd7 44. Be1 Bf8 45. Bg3 Bd6 46. Qb2 Kg7 47.
Qf2 Qb8 48. Qc2 a5 49. Qb3 Qxb3 50. axb3 Kf6 51. Kg1 Ke6 52. Kf2 a4 53. bxa4
Bxa4 54. Ke2 Bc7 55. Be1 g5 1/2-1/2

[Event "CHN League Men 2019"]
[Site "Daqing CHN"]
[Date "2019.06.19"]
[Round "1.8"]
[Board "1"]
[White "Wu, Wenda"]
[Black "Lu, Shanglei"]
[Result "0-1"]
[BlackTitle "GM"]
[WhiteElo "1735"]
[BlackElo "2624"]
[WhiteTeam "Ningbo"]
[BlackTeam "Zhejiang"]
[WhiteFideId "8618615"]
[BlackFideId "8603332"]
[EventDate "2019.06.19"]
[EventType "team"]

1. Nf3 Nf6 2. d4 b5 3. Bg5 Bb7 4. Nbd2 a6 5. a4 b4 6. Bxf6 gxf6 7. c3 e6 8. g3
c5 9. Bg2 f5 10. O-O Be7 11. Ne5 Bxg2 12. Kxg2 d6 13. Nd3 Nc6 14. e3 O-O 15. Qf3
d5 16. Rfc1 c4 17. Nf4 Na5 18. g4 fxg4 19. Qxg4+ Kh8 20. Kf3 Bd6 21. Rg1 Qf6 22.
Ke2 Rg8 23. Qf3 Qf5 24. cxb4 Bxb4 25. e4 dxe4 26. Nxe4 Nb3 27. Rxg8+ Rxg8 28.
Rd1 Rg4 29. Ke3 Bf8 30. h3 Rg8 31. Ng3 Qf6 32. Ngh5 Qg5 33. Qe4 Bd6 34. Kf3 Rd8
35. Qe3 Bc5 36. dxc5 Rxd1 37. Ng3 Qxc5 38. Qc3+ e5 39. Ne4 Qd4 0-1

[Event "CHN League Men 2019"]
[Site "Daqing CHN"]
[Date "2019.06.19"]
[Round "1.8"]
[Board "2"]
[White "Xu, Minghui"]
[Black "Wan, Minghan"]
[Result "1-0"]
[WhiteElo "2368"]
[BlackElo "1592"]
[WhiteTeam "Zhejiang"]
[BlackTeam "Ningbo"]
[WhiteFideId "8606790"]
[BlackFideId "8618577"]
[EventDate "2019.06.19"]
[EventType "team"]

1. d4 Nf6 2. c4 e6 3. g3 d5 4. Bg2 Be7 5. Nf3 dxc4 6. O-O O-O 7. Qc2 c5 8. Rd1
a6 9. dxc5 Qc7 10. Bf4 Qxc5 11. Nbd2 Nbd7 12. Rac1 Nd5 13. Ne4 Qa5 14. Bd6 Bxd6
15. Nxd6 Qb4 16. Ng5 N7f6 17. Ndxf7 Rxf7 18. e4 Nc7 19. e5 Nfd5 20. Qxh7+ Kf8
21. Bxd5 Nxd5 22. Rd4 Qxb2 23. Rdxc4 Qxf2+ 24. Kh1 Bd7 25. Qh8+ Ke7 26. Qh4 Nf6
27. Rc7 Rc8 1-0

[Event "CHN League Men 2019"]
[Site "Daqing CHN"]
[Date "2019.06.19"]
[Round "1.9"]
[Board "1"]
[White "Dai, Changren"]
[Black "Song, Yuchen"]
[Result "1-0"]
[WhiteTitle "IM"]
[WhiteElo "2480"]
[BlackElo "1512"]
[WhiteTeam "Tianjin"]
[BlackTeam "Harbin"]
[WhiteFideId "8608156"]
[BlackFideId "8630364"]
[EventDate "2019.06.19"]
[EventType "team"]

1. d4 Nf6 2. Nf3 g6 3. g3 Bg7 4. Bg2 O-O 5. O-O d5 6. c4 c6 7. b3 e6 8. Bb2 Nbd7
9. Nc3 b6 10. a4 a5 11. Ne5 Nxe5 12. dxe5 Nd7 13. f4 Bb7 14. cxd5 exd5 15. e4
Ba6 16. Rf2 dxe4 17. Nxe4 Qc7 18. Qc2 Rad8 19. Rc1 c5 20. Nd6 Nb8 21. Qe4 h5 22.
f5 Bh6 23. Re1 Kh7 24. Nxf7 Qxf7 25. e6 gxf5 26. exf7 Rxf7 27. Rxf5 Rxf5 28.
Qxf5+ Kg8 29. Bd5+ Rxd5 30. Re8+ Bf8 31. Qg6# 1-0